00345nam a2200145Ia 4500008004100000041000800041082001200049100002000061260003600081245001500117245003000132250000600162300000700168650002400175220805s9999 xx 000 0 und d aeng a747'.09 aSaraswate, Abha aAhmedabadbYug decorativec2007 aYug Design binterior design portfolio a3 a78 aInterior decoration